| 000 | 00588nam a2200181Ia 4500 | ||
|---|---|---|---|
| 005 | 20250423095203.0 | ||
| 008 | 250422s9999 xx 000 0 und d | ||
| 020 | _a9780980162639 | ||
| 050 | _aPN 1993.5.N55 .E44/ | ||
| 100 | _aEdited by Olufemi Onabajo & Ritchard M’Bayo | ||
| 245 | 0 | _aEmergence, growth and challenges of films and home videos in Nigeria | |
| 260 | _aMaryland | ||
| 260 | _bAfrican Renaissance Books Incorporated | ||
| 260 | _c2009 | ||
| 300 | _a360 p | ||
| 650 | _a Motion picture industry--Nigeria. Video recordings industry--Nigeria. | ||
| 942 | _cBK | ||
| 999 |
_c29511 _d29511 |
||